skbl

Dr Suryya Kumar Bhuyan Library Web-OPAC
ডঃ সূৰ্য্য
কুমাৰ ভূঞা পুথিভঁৰাল ৱেব-অ'পেক

All Research Scholars are advised to clear the annual library fees to continue using Library Resources, Remote Access, Plagiarism Test and Library Clearance.

Cotton University Book Fair 2026

Organic Chemistry (Record no. 62866)

MARC details
000 -LEADER
fixed length control field 00723nam a2200229Ia 4500
001 - CONTROL NUMBER
control field 61758
008 - FIXED-LENGTH DATA ELEMENTS--GENERAL INFORMATION
fixed length control field 190327n2015 ii |||gr||||Z||||||465
082 ## - DEWEY DECIMAL CLASSIFICATION NUMBER
Classification number 547
100 ## - MAIN ENTRY--PERSONAL NAME
Personal name Mukherji, S.M.,
Relator term Author.,
245 #0 - TITLE STATEMENT
Title Organic Chemistry
Statement of responsibility, etc. S.M.Mukherji.......et all
Medium Textual Documents
250 ## - EDITION STATEMENT
Edition statement 2nd ed.
260 ## - PUBLICATION, DISTRIBUTION, ETC.
Place of publication, distribution, etc. New Delhi
Name of publisher, distributor, etc. New Age International ( P ) Limited
Date of publication, distribution, etc. 2015
300 ## - PHYSICAL DESCRIPTION
Extent pg xv 728:
Other physical details ills;
Dimensions 23cm.
Extent Vol-1:
-- Vol-11:
-- pg xv 527:
300 ## - PHYSICAL DESCRIPTION
Extent pg x 460.:
Other physical details ills;
Dimensions 23cm.
Extent Vol-111:
-- Vol I(`xv, 728p)
653 ## - INDEX TERM--UNCONTROLLED
Uncontrolled term Organic chemistry
653 ## - INDEX TERM--UNCONTROLLED
Uncontrolled term Chemistry
653 ## - INDEX TERM--UNCONTROLLED
Uncontrolled term G-Chemistry
700 ## - ADDED ENTRY--PERSONAL NAME
Personal name Singh, S.P.,
Relator term Author.,
700 ## - ADDED ENTRY--PERSONAL NAME
Personal name Kapoor, S.P.,
Relator term Author.,
700 ## - ADDED ENTRY--PERSONAL NAME
Personal name Das, R,
Relator term Author.,
942 ## - ADDED ENTRY ELEMENTS (KOHA)
Source of classification or shelving scheme Dewey Decimal Classification
Koha item type Books
Holdings
Withdrawn status Lost status Damaged status Not for loan Collection Home library Current library Shelving location Date acquired Coded location qualifier Cost, normal purchase price Total checkouts Full call number Barcode Date last seen Date last checked out Copy number Price effective from Koha item type
          Dr. Suryya Kumar Bhuyan Library Dr. Suryya Kumar Bhuyan Library   01/01/2008 00000 399.00 1 547 Mu 896 Or 611/Cu 23/10/2025 22/10/2025 5 01/01/2008 Books
          Dr. Suryya Kumar Bhuyan Library Dr. Suryya Kumar Bhuyan Library   01/01/2008 00000 399.00 2 547 Mu 896 Or 461/Lib 27/01/2026 03/12/2025 1 01/01/2008 Books
          Dr. Suryya Kumar Bhuyan Library Dr. Suryya Kumar Bhuyan Library   01/01/2008 00000 399.00   547 Mu 896 Or 462/Lib 14/01/2024   2 01/01/2008 Books
          Dr. Suryya Kumar Bhuyan Library Dr. Suryya Kumar Bhuyan Library   01/01/2008 00000 399.00   547 Mu 896 Or 463/Lib 14/01/2024   3 01/01/2008 Books
          Dr. Suryya Kumar Bhuyan Library Dr. Suryya Kumar Bhuyan Library   01/01/2008 00000 399.00 1 547 Mu 896 Or 610/Cu 10/11/2025 22/10/2025 4 01/01/2008 Books

Designed and Maintained by Team SKBL
©1901-2026

Powered by Koha